00675nas a22001933 450000500170000000800400001702000140005704000270007104100080009804400080010608200200011424500410013426000640017530000250023954600340026465000690029865000750036771000390044220170608083222.0920619u1993 xx u b r 0 0und  a0012-396X aCO-BoIAVH cCO-BoIAVH 0 aspa a-uk14a571.9209 bC73d00aDistribution maps of plant diseases. aGreat Britain.bCommonwealth Mycological Institute,c1973-. bmapasaMapa 1 al 300 aMaterial descrito en inglés26aPlantasxDistribución de plagasvMapasvPublicaciones seriadas26aPlantasxDistribución de enfermedadesvMapasvPublicaciones seriadas2 aCommonwealth Mycological Institute